000 00452nam a2200169Ia 4500
008 090711s9999 xx 000 0 und d
082 _b44893
100 _aहसमनीस द. का.
245 _aकांगारु
260 _c1982
300 _a136
600 _aहसमनीस द. का.
630 _aकांगारु
700 _aहसमनीस द. का.
730 _aकांगारु
942 _cBOOK
999 _c297354
_d297354